=LDR 00000nam 2200000 4500 =001 INLIS000000000028693 =005 20130612131000 =008 ***********************************Ind** =035 ##$$0010-061300000028693 =041 ##$$a Ind =082 ##$$a 4*0 =090 ##$$a 4x9, Kem k =245 ##$$a Kemampuan berbhs Indonesia murid kelas VI SD yang berbahasa Bugis : mendengarkan dan berbicara =260 ##$$a Pusat. Pend dan peng bhs; 1983 $b Jakarta =300 ##$$a XVI, 130 hlm; 21 cm =650 ##$$a bhs Indonesia; bugis =850 ##$$a NBPNMAT